Detalles MARC
| 000 -LEADER |
| campo de control de longitud fija |
02748cam a2200613Ia 4500 |
| 003 - IDENTIFICADOR DE NÚMERO DE CONTROL |
| campo de control |
PE-LiUPU |
| 005 - FECHA Y HORA DE LA ÚLTIMA TRANSACCIÓN |
| campo de control |
20250731172846.0 |
| 008 - DATOS DE LONGITUD FIJA--INFORMACIÓN GENERAL |
| campo de control de longitud fija |
150117s2015 mnu ob 000 0 eng d |
| 020 ## - NÚMERO INTERNACIONAL ESTÁNDAR DEL LIBRO |
| Número Internacional Estándar del Libro |
1451494270 |
| Información calificativa |
electronic bk. |
| 020 ## - NÚMERO INTERNACIONAL ESTÁNDAR DEL LIBRO |
| Número Internacional Estándar del Libro |
9781451494273 |
| Información calificativa |
electronic bk. |
| 020 ## - NÚMERO INTERNACIONAL ESTÁNDAR DEL LIBRO |
| ISBN cancelado o inválido |
1451485301 |
| 020 ## - NÚMERO INTERNACIONAL ESTÁNDAR DEL LIBRO |
| ISBN cancelado o inválido |
9781451485301 |
| 035 ## - NÚMERO DE CONTROL DEL SISTEMA |
| Número de control de sistema |
(Sirsi) i9781451494273 |
| 040 ## - FUENTE DE CATALOGACIÓN |
| Centro catalogador/agencia de origen |
EBLCP |
| Lengua de catalogación |
spa |
| Normas de descripción |
pn |
| Centro/agencia transcriptor |
EBLCP |
| Centro/agencia modificador |
OCLCO |
| -- |
OCLCQ |
| -- |
E7B |
| -- |
JSTOR |
| -- |
YDXCP |
| -- |
COO |
| -- |
OCLCF |
| -- |
OCLCQ |
| -- |
N$T |
| -- |
CSJ |
| -- |
PE-LiUPU |
| 049 ## - FONDOS LOCALES (OCLC) |
| Biblioteca depositaria |
PRUA |
| 082 04 - NÚMERO DE LA CLASIFICACIÓN DECIMAL DEWEY |
| Número de clasificación |
296.32 |
| Cutter |
J25 |
| Número de edición |
23 |
| 100 1# - ENTRADA PRINCIPAL--NOMBRE DE PERSONA |
| Nombre de persona |
Jason, Mark A., |
| Término indicativo de función/relación |
autor. |
| 245 10 - MENCIÓN DEL TÍTULO |
| Título |
Repentace at Qumran |
| Medio |
[electronic resource] : |
| Resto del título |
The penitential framework of religious experience in the Dead Sea Scrolls / |
| Mención de responsabilidad, etc. |
Mark A. Jason. |
| 264 ## - PRODUCCIÓN, PUBLICACIÓN, DISTRIBUCIÓN, FABRICACIÓN Y COPYRIGHT |
| Producción, publicación, distribución, fabricación y copyright |
Minneapolis : |
| Nombre del de productor, editor, distribuidor, fabricante |
Fortress Press, |
| Fecha de producción, publicación, distribución, fabricación o copyright |
2015. |
| 300 ## - DESCRIPCIÓN FÍSICA |
| Extensión |
xi, 303 páginas ; |
| Dimensiones |
23 centímetros. |
| 336 ## - TIPO DE CONTENIDO |
| Término de tipo de contenido |
text |
| Fuente |
rdacontent |
| 337 ## - TIPO DE MEDIO |
| Nombre/término del tipo de medio |
unmediated |
| Fuente |
rdamedia |
| 338 ## - TIPO DE SOPORTE |
| Nombre/término del tipo de soporte |
volume |
| Fuente |
rdacarrier |
| 504 ## - NOTA DE BIBLIOGRAFÍA, ETC. |
| Nota de bibliografía, etc. |
Bibliografía : páginas 253-280. |
| 504 ## - NOTA DE BIBLIOGRAFÍA, ETC. |
| Nota de bibliografía, etc. |
Índices : páginas 281-289. |
| 505 0# - NOTA DE CONTENIDO CON FORMATO |
| Nota de contenido con formato |
Repentance at Qumran; Repentance at Qumran; Contents; Abbreviations; Acknowledgments; Introduction; Religious Experience and Repentance; Motivations for Repentance; Repentance, Separation, and the Covenant; Predestined Repentance; The Extent of Repentance; Repentance in Daily Life: Cult and Rituals; Repentance and Eschatology; Conclusion; Bibliography; Index of Authors; Index of Scriptures and Ancient Literature. |
| 526 ## - NOTA DE INFORMACIÓN SOBRE EL PROGRAMA DE ESTUDIO |
| Nombre del programa |
Segunda Especialidad En Profecías Bíblicas |
| 526 ## - NOTA DE INFORMACIÓN SOBRE EL PROGRAMA DE ESTUDIO |
| Nombre del programa |
Segunda Especialidad En Nuevo Testamento |
| 526 ## - NOTA DE INFORMACIÓN SOBRE EL PROGRAMA DE ESTUDIO |
| Nombre del programa |
Segunda Especialidad En Antiguo Testamento |
| 526 ## - NOTA DE INFORMACIÓN SOBRE EL PROGRAMA DE ESTUDIO |
| Nombre del programa |
Segunda Especialidad En Estudios Adventistas |
| 526 ## - NOTA DE INFORMACIÓN SOBRE EL PROGRAMA DE ESTUDIO |
| Nombre del programa |
Doctorado en teología |
| 526 ## - NOTA DE INFORMACIÓN SOBRE EL PROGRAMA DE ESTUDIO |
| Nombre del programa |
Maestría en teología histórica |
| 526 ## - NOTA DE INFORMACIÓN SOBRE EL PROGRAMA DE ESTUDIO |
| Nombre del programa |
Maestría en teología bíblica |
| 526 ## - NOTA DE INFORMACIÓN SOBRE EL PROGRAMA DE ESTUDIO |
| Nombre del programa |
Maestría en teología |
| 526 ## - NOTA DE INFORMACIÓN SOBRE EL PROGRAMA DE ESTUDIO |
| Nombre del programa |
Maestría en misionología |
| 526 ## - NOTA DE INFORMACIÓN SOBRE EL PROGRAMA DE ESTUDIO |
| Nombre del programa |
Maestría en liderazgo eclesiástico |
| 526 ## - NOTA DE INFORMACIÓN SOBRE EL PROGRAMA DE ESTUDIO |
| Nombre del programa |
Teología |
| 596 ## - |
| -- |
1 |
| 630 00 - PUNTO DE ACCESO ADICIONAL DE MATERIA--TÍTULO UNIFORME |
| Título uniforme |
Dead Sea scrolls. |
| 650 #0 - PUNTO DE ACCESO ADICIONAL DE MATERIA--TÉRMINO DE MATERIA |
| Término de materia o nombre geográfico como elemento de entrada |
Arrepentimiento |
| Subdivisión general |
Judaismo. |
| 650 #7 - PUNTO DE ACCESO ADICIONAL DE MATERIA--TÉRMINO DE MATERIA |
| Término de materia o nombre geográfico como elemento de entrada |
RELIGION / Judaismo / General |
| Fuente del encabezamiento o término |
bisacsh |
| 856 40 - LOCALIZACIÓN Y ACCESO ELECTRÓNICOS |
| Materiales especificados |
ebrary |
| Identificador Uniforme de Recursos |
<a href="http://site.ebrary.com/id/11020505">http://site.ebrary.com/id/11020505</a> |
| 856 40 - LOCALIZACIÓN Y ACCESO ELECTRÓNICOS |
| Materiales especificados |
JSTOR |
| Identificador Uniforme de Recursos |
<a href="http://www.jstor.org/stable/10.2307/j.ctt9m0t9z">http://www.jstor.org/stable/10.2307/j.ctt9m0t9z</a> |
| 856 40 - LOCALIZACIÓN Y ACCESO ELECTRÓNICOS |
| Identificador Uniforme de Recursos |
<a href="http://public.eblib.com/choice/PublicFullRecord.aspx?p=3381740">http://public.eblib.com/choice/PublicFullRecord.aspx?p=3381740</a> |
| Materiales especificados |
Ebook Library |
| 856 40 - LOCALIZACIÓN Y ACCESO ELECTRÓNICOS |
| Materiales especificados |
ebrary |
| Identificador Uniforme de Recursos |
<a href="http://site.ebrary.com/id/11020505">http://site.ebrary.com/id/11020505</a> |
| 856 40 - LOCALIZACIÓN Y ACCESO ELECTRÓNICOS |
| Materiales especificados |
JSTOR |
| Identificador Uniforme de Recursos |
<a href="http://www.jstor.org/stable/10.2307/j.ctt9m0t9z">http://www.jstor.org/stable/10.2307/j.ctt9m0t9z</a> |
| 856 40 - LOCALIZACIÓN Y ACCESO ELECTRÓNICOS |
| Identificador Uniforme de Recursos |
<a href="http://public.eblib.com/choice/PublicFullRecord.aspx?p=3381740">http://public.eblib.com/choice/PublicFullRecord.aspx?p=3381740</a> |
| Materiales especificados |
Ebook Library |
| 910 ## - DATOS DE OPCIÓN DEL USUARIO (OCLC) |
| -- |
ck |
| -- |
hop |
| -- |
hop |
| -- |
20160530 |
| 942 ## - ELEMENTOS DE ENTRADA SECUNDARIOS (KOHA) |
| Fuente del sistema de clasificación o colocación |
Clasificación Decimal Dewey |
| Tipo de ítem Koha |
|
| 949 ## - PROCESAMIENTO DE INFORMACIÓN LOCAL (OCLC) |
| a |
296.32 J25 |
| w |
DEWEY |
| c |
1 |
| i |
73233 |
| l |
CCODEBUL1 |
| m |
BUL |
| p |
34.30 |
| r |
0 |
| s |
Y |
| t |
BOOK |
| u |
2016-5-30 |
| x |
TEOLOGIA |
| -- |
P85 |
| 0 |
COMPRA |
| o |
.STAFF. Posgrado |
| 994 ## - |
| -- |
C0 |
| -- |
PEPRU |
| 999 ## - NÚMEROS DE CONTROL DE SISTEMA (KOHA) |
| -- |
DEWEY |
| -- |
73233 |
| -- |
2021-11-11 |
| -- |
5 |
| -- |
CCODEBUL1 |
| -- |
BUL |
| -- |
34.30 |
| -- |
0 |
| -- |
Y |
| -- |
BOOK |
| -- |
2016-5-30 |
| -- |
TEOLOGIA |
| -- |
P85 |
| -- |
COMPRA |
| -- |
.STAFF. Posgrado |
| 980 ## - EQUIVALENCIA O REFERENCIA-CRUZADA-MENCIÓN DE SERIE--NOMBRE DE PERSONA/TÍTULO [LOCAL, CANADÁ] |
| ID del último usuario que modificó el registro |
1 |
| Nombre del último usuario que modificó el registro |
ALBERTO SANCHEZ Responsable de Automatización |